| 000 | 00558nam a2200169Ia 4500 | ||
|---|---|---|---|
| 008 | 090201s9999 xx 000 0 und d | ||
| 010 | _aKPL-51815 | ||
| 040 | _bमराठी | ||
| 041 | _aमराठी | ||
| 082 |
_a16888 _b51815 |
||
| 100 | _aनिलकंठ खाडीलकर | ||
| 245 |
_aशूरा मी वंदिले _cनिलकंठ खाडीलकर |
||
| 260 |
_c2004 _bमनोरमा प्रकाशन |
||
| 300 |
_a216 _bमोठा |
||
| 600 | _aशूरा मी वंदिले | ||
| 942 | _cBOOK | ||
| 999 |
_c216867 _d216867 |
||